Mots de la langue française se terminant par "cours" - Statistiques

Statistiques générales
  • Ce quiz a été pris 225 fois
  • Le résultat moyen est 6 sur 8
Statistiques - réponses
Indice Mot % Correct
leçon cours
95%
itinéraire parcours
92%
compétition concours
90%
aide secours
89%
allocution discours
82%
appel recours
70%
ensemble d'actifs détenus à un moment donné encours
30%
stade d'affaiblissement d'une maladie décours
14%
Aucun quiz correspondant
Distribution des résultats
% des personnes avec chaque résultat
Percentile par nombre de réponses
Votre historique - résultats
Vous n’avez pas pris ce quiz